[Event "Roberto Grela in memorian"]
[Site "SchemingMind.com"]
[Date "2007.05.17"]
[Round "-"]
[White "XTC"]
[Black "alejandra"]
[Result "1-0"]
[WhiteCountry "COL"]
[BlackCountry "ARG"]
[WhiteElo "1567"]
[WhiteRD "111"]
[BlackElo "1272"]
[BlackRD "77"]
[GameID "105664"]

1. e4 e5 2. Nf3 Nc6 3. Bb5 Bb4 4. O-O h5 5. Bxc6 dxc6 6. Nxe5 Bh3 7. Qf3 Qg5 8. Nd3 Rh6 9. Qxh3 Bd6 10. Nc3 Bf4
11. Nxf4 Qxf4 12. d3 Qf6 13. Bxh6 gxh6 14. Qxh5 O-O-O 15. f4 Qd4+ 16. Kh1 Nf6 17. Qxf7 Ng4 18. Qe6+ Kb8 19. Qxg4 Qh8 20. e5 Rg8
21. Qd7 h5 22. e6 Qh6 23. e7 Qh8 24. Rae1 b5 25. Qxc6 Qg7 26. e8=Q+ Rxe8 27. Rxe8#
1-0

[Event "Roberto Grela in memorian"]
[Site "SchemingMind.com"]
[Date "2007.05.19"]
[Round "-"]
[White "XTC"]
[Black "shakazulu"]
[Result "1-0"]
[WhiteCountry "COL"]
[BlackCountry "ESP"]
[WhiteElo "1586"]
[WhiteRD "115"]
[BlackElo "1303"]
[BlackRD "95"]
[GameID "105665"]

1. e4 Nc6 2. Nc3 e5 3. Nf3 g6 4. Bb5 Bh6 5. d3 Nd4 6. Nxe5 Bxc1 7. Rxc1 a6 8. Bc4 Nh6 9. Ne2 Qg5 10. Nxd4 Qxe5
11. c3 b5 12. Bb3 Bb7 13. Nf3 Qe7 14. O-O O-O-O 15. h3 g5 16. Qd2 Rhg8 17. Rce1 Rg6 18. Nh2 Ng8 19. Ng4 h5 20. Ne3 Nf6
21. Nf5 Qf8 22. f3 g4 23. fxg4 hxg4 24. hxg4 Nxg4 25. Bd1 Ne5 26. Nh4 Rg8 27. Nf3 Ng4 28. Qf4 Qc5+ 29. Nd4 Qh5 30. Bxg4 Rxg4
31. Qf3 Rh8 32. Kf2 Rhg8 33. Rg1 Qh4+ 34. Ke2 Qh2 35. Kd1 b4 36. Qxf7 R4g7 37. Qf2 bxc3 38. bxc3 Qh5+ 39. Kc2 Rf7 40. Nf5 d5
41. Qc5 Rd8 42. Ne7+ Kd7 43. Nxd5 Rf2+ 44. Kc1 Qh6+ 45. Kb1 Qd2 46. Qe7+ Kc6 47. Qxc7+ Kb5 48. Qxb7+ Kc5 49. d4+ Qxd4 50. cxd4+ Kxd4
51. Qb6+ Ke5 52. Qxd8 Kd4 53. Qb6+
1-0

[Event "Roberto Grela in memorian"]
[Site "SchemingMind.com"]
[Date "2007.05.17"]
[Round "-"]
[White "XTC"]
[Black "Bacon"]
[Result "1-0"]
[WhiteCountry "COL"]
[BlackCountry "BER"]
[WhiteElo "1421"]
[WhiteRD "147"]
[BlackElo "1015"]
[BlackRD "83"]
[GameID "105666"]

1. e4 d5 2. exd5 Qxd5 3. Nc3 Qe5+ 4. Be2 Bf5 5. Nf3 Qc5 6. d4 Qd6 7. Nb5 Qb6 8. Bf4 c6 9. Nc7+ Kd7 10. b3 Qxc7
11. Bxc7 Kxc7 12. Ne5 h6 13. Nxf7 Rh7 14. Qd2 e6 15. Bd3 g6 16. Ne5 Bxd3 17. Qxd3 Nd7 18. Nxg6 Bb4+ 19. c3 Bd6 20. Qe4 Re8
21. Ne5 Rf8 22. Qxh7 Nf6 23. Qxh6 Bb4 24. Kd2 Bd6 25. Rae1 c5 26. Nxd7 Kxd7 27. Re5 Bxe5 28. Qxf8 Kc6 29. Qxc5+ Kd7 30. Qxe5 Ng4
31. Qg7+ Kc6 32. Qxg4 a5 33. Qxe6+ Kb5 34. a4#
1-0

[Event "Roberto Grela in memorian"]
[Site "SchemingMind.com"]
[Date "2007.05.17"]
[Round "-"]
[White "XTC"]
[Black "martin_"]
[Result "1-0"]
[WhiteCountry "COL"]
[BlackCountry "GER"]
[WhiteElo "1620"]
[WhiteRD "103"]
[BlackElo "1276"]
[BlackRD "62"]
[GameID "105667"]

1. e4 c5 2. Nf3 d6 3. d4 cxd4 4. Nxd4 Nf6 5. Nc3 a6 6. Bg5 e6 7. f4 Qb6 8. Qd2 Nc6 9. Nxc6 bxc6 10. b3 d5
11. Bxf6 gxf6 12. exd5 cxd5 13. O-O-O Bb7 14. Bc4 Bh6 15. Bf1 Qb4 16. Ne2 Qxd2+ 17. Rxd2 e5 18. g3 Ke7 19. Bg2 Ke6 20. Kb2 Rad8
21. Bh3+
1-0

[Event "Roberto Grela in memorian"]
[Site "SchemingMind.com"]
[Date "2007.05.18"]
[Round "-"]
[White "mart_r3000"]
[Black "XTC"]
[Result "0-1"]
[WhiteCountry "ENG"]
[BlackCountry "COL"]
[WhiteElo "1338"]
[WhiteRD "52"]
[BlackElo "1421"]
[BlackRD "147"]
[GameID "105668"]

1. e4 e5 2. d4 exd4 3. Qxd4 Nc6 4. Qd1 Nf6 5. Nc3 Bb4 6. Qe2 Nd4 7. Qd3 Ne6 8. Qc4 Bxc3+ 9. Qxc3 Nxe4 10. Qe5 Nf6
11. Bg5 O-O 12. Bxf6 Qxf6 13. Qg3 Qxb2 14. Rd1 Qxc2 15. Bd3 Qxa2 16. Qh4 h6 17. Nf3 Qa5+ 18. Nd2 Qe5+ 19. Be4 d5 20. O-O dxe4
21. Nc4 Qc5 22. Qxe4 Ng5 23. Qf4 b6 24. h4 Ne6 25. Qe4 Ba6 26. Ne5 Bxf1 27. Kxf1 Qb5+ 28. Kg1 Rad8 29. Qe2 Qxe2
0-1

[Event "Roberto Grela in memorian"]
[Site "SchemingMind.com"]
[Date "2007.05.17"]
[Round "-"]
[White "Tahur"]
[Black "XTC"]
[Result "0-1"]
[WhiteCountry "ARG"]
[BlackCountry "COL"]
[WhiteElo "1530"]
[WhiteRD "58"]
[BlackElo "1586"]
[BlackRD "115"]
[GameID "105669"]

1. e4 e5 2. Nf3 Nc6 3. Nc3 Nf6 4. Bc4 Nxe4 5. Nxe4 d5 6. Bb5 dxe4 7. Bxc6+ bxc6 8. Nxe5 Qg5 9. Nxc6 Qxg2 10. Rf1 Ba6
11. d3 Bd6 12. Nd4 Bxh2 13. c4 Rd8 14. Be3 O-O 15. Qa4 Bc8 16. O-O-O exd3 17. Qxa7 Bg4 18. Rde1 Ra8 19. Qc5 Be2 20. Nxe2 dxe2
21. Qd5 exf1=Q 22. Rxf1 Qxf1+ 23. Kc2 Rxa2 24. Bc5 Rb8 25. Qd7 Rbxb2+ 26. Kc3 Qc1+ 27. Kd3 Rd2+
0-1

[Event "Roberto Grela in memorian"]
[Site "SchemingMind.com"]
[Date "2007.05.18"]
[Round "-"]
[White "alejandra"]
[Black "XTC"]
[Result "0-1"]
[WhiteCountry "ARG"]
[BlackCountry "COL"]
[WhiteElo "1253"]
[WhiteRD "80"]
[BlackElo "1604"]
[BlackRD "102"]
[GameID "105670"]

1. e4 e5 2. Bc4 c6 3. Nf3 d6 4. d3 Bg4 5. h3 Bxf3 6. gxf3 Nf6 7. Nc3 b5 8. Bxf7+ Kxf7 9. b3 Be7 10. f4 exf4
11. Bxf4 Nbd7 12. Rg1 g6 13. Qf3 b4 14. Ne2 c5 15. h4 a5 16. h5 Nxh5 17. Bh6+ Bf6 18. Nf4 Bxa1 19. Nxg6+ Ndf6 20. Nf4 Nxf4
21. Qxf4 Be5 22. Qg5 Rg8 23. Bg7 Rxg7 24. Qxg7+ Ke6 25. Qg5 Kd7 26. Qf5+ Kc6 27. f4 Bc3+ 28. Ke2 Qe7 29. Kd1 Qa7 30. e5 dxe5
31. Qxf6+ Kb5 32. a4+ bxa3 33. Ke2 a2 34. fxe5 Re8 35. Rg7 Qxg7 36. Qxg7 Rxe5+ 37. Kf3 Rf5+ 38. Kg4 Bxg7 39. c4+ Kb4 40. Kxf5 a1=Q
41. d4 Qxd4 42. Ke6 Qe5+ 43. Kd7 h5 44. Kc6 h4
0-1

[Event "Roberto Grela in memorian"]
[Site "SchemingMind.com"]
[Date "2007.05.19"]
[Round "-"]
[White "shakazulu"]
[Black "XTC"]
[Result "1-0"]
[WhiteCountry "ESP"]
[BlackCountry "COL"]
[WhiteElo "1372"]
[WhiteRD "109"]
[BlackElo "1421"]
[BlackRD "147"]
[GameID "105671"]

1. Nf3 Nf6 2. d4 d5 3. b3 Bg4 4. Ne5 Bf5 5. f4 Nfd7 6. e3 Nxe5 7. fxe5 e6 8. Nc3 Bb4 9. Bb2 O-O 10. Bd3 Bxd3
11. Qxd3 Nc6 12. O-O Ne7 13. e4 dxe4 14. Qxe4 c6 15. d5 Nxd5 16. Nxd5 Bc5+ 17. Ne3 f5 18. Qf4 g5 19. Qc4 Bxe3+ 20. Kh1 Qd5
21. Qe2 f4 22. Rad1 Qa5 23. a4 Rad8 24. Rd6 Rxd6 25. exd6 Rd8 26. Qh5 Qf5 27. h3 Rxd6 28. Qe8+ Qf8 29. Qg6+
1-0

[Event "Roberto Grela in memorian"]
[Site "SchemingMind.com"]
[Date "2007.05.18"]
[Round "-"]
[White "Bacon"]
[Black "XTC"]
[Result "0-1"]
[WhiteCountry "BER"]
[BlackCountry "COL"]
[WhiteElo "1015"]
[WhiteRD "83"]
[BlackElo "1421"]
[BlackRD "147"]
[GameID "105672"]

1. e4 e5 2. Nf3 Nc6 3. d4 exd4 4. Nxd4 Nf6 5. Be3 Nxe4 6. Nxc6 dxc6 7. Qxd8+ Kxd8 8. Bd3 Nf6 9. O-O Bd6 10. h3 Be5
11. Nc3 b5 12. Rad1 Ke7 13. Bc5+ Bd6 14. Rfe1+ Kf8 15. Re3 Bxc5 16. Be2 Bxe3 17. fxe3 Bf5 18. Bf3 Bxc2 19. Bxc6 Bxd1 20. Nxd1 Rd8
21. Nc3 a6 22. b4 Rd3 23. Ne2 Rxe3 24. Nf4 Ke7 25. Bb7 Rd8 26. Bxa6 g5 27. Bxb5 gxf4 28. a4 Ne4 29. Bc6 Rd1+ 30. Kh2 Nf2
31. a5 Rh1#
0-1

[Event "Roberto Grela in memorian"]
[Site "SchemingMind.com"]
[Date "2007.05.17"]
[Round "-"]
[White "martin_"]
[Black "XTC"]
[Result "0-1"]
[WhiteCountry "GER"]
[BlackCountry "COL"]
[WhiteElo "1276"]
[WhiteRD "62"]
[BlackElo "1620"]
[BlackRD "103"]
[GameID "105673"]

1. d4 Nf6 2. c4 e6 3. Nc3 Bb4 4. Qc2 d5 5. cxd5 exd5 6. Bg5 c6 7. Nf3 O-O 8. e3 h6 9. Bh4 Bxc3+ 10. Qxc3 Bg4
11. Qb3 b6 12. Be2 Qd6 13. O-O Ne4 14. Bg3 Qe6 15. Rfe1 Nxg3 16. hxg3 b5 17. Rac1 Bxf3 18. Bxf3 Nd7 19. e4 dxe4 20. Qxe6 fxe6
21. Bxe4 a6 22. Bxc6 Rad8
0-1

[Event "Roberto Grela in memorian"]
[Site "SchemingMind.com"]
[Date "2007.05.17"]
[Round "-"]
[White "tardon"]
[Black "XTC"]
[Result "0-1"]
[WhiteCountry "ESP"]
[BlackCountry "COL"]
[WhiteElo "1580"]
[WhiteRD "92"]
[BlackElo "1604"]
[BlackRD "102"]
[GameID "105674"]

1. d4 d5 2. c4 e6 3. Nc3 Nf6 4. Nf3 Be7 5. Bg5 h6 6. Bh4 O-O 7. e3 Nc6 8. Bd3 Nb4 9. O-O Nxd3 10. Qxd3 c6
11. Ne5 Nd7 12. Bg3 Nxe5 13. Bxe5 b6 14. cxd5 exd5 15. e4 dxe4 16. Qxe4 f6 17. Qxc6 Ba6 18. Bc7 Qxd4 19. Rad1 Qc5 20. Qe6+ Kh8
21. Rfe1 Rae8 22. Bg3 Bc8 23. Qe4 f5 24. Qa4 a5 25. Nd5 Ba6
0-1

[Event "Roberto Grela in memorian"]
[Site "SchemingMind.com"]
[Date "2007.05.17"]
[Round "-"]
[White "tardon"]
[Black "mart_r3000"]
[Result "1-0"]
[WhiteCountry "ESP"]
[BlackCountry "ENG"]
[WhiteElo "1548"]
[WhiteRD "83"]
[BlackElo "1252"]
[BlackRD "72"]
[GameID "105675"]

1. d4 f5 2. c4 e6 3. Nc3 c5 4. e3 Qa5 5. Bd2 cxd4 6. exd4 Nc6 7. Nf3 Nxd4 8. Nxd4 Qe5+ 9. Be3 f4 10. Nf3 Qa5
11. Bxf4 Be7 12. Be2
1-0

[Event "Roberto Grela in memorian"]
[Site "SchemingMind.com"]
[Date "2007.05.17"]
[Round "-"]
[White "tardon"]
[Black "Tahur"]
[Result "1-0"]
[WhiteCountry "ESP"]
[BlackCountry "ARG"]
[WhiteElo "1535"]
[WhiteRD "113"]
[BlackElo "1610"]
[BlackRD "59"]
[GameID "105676"]

1. d4 d5 2. c4 dxc4 3. Nf3 Bg4 4. Ne5 Bf5 5. Nc3 e6 6. e4 Bg6 7. Bxc4 Nf6 8. Nxg6 hxg6 9. Bg5 Nbd7 10. e5 Be7
11. exf6 Bxf6 12. Bxf6 Qxf6 13. O-O Nb6 14. Bd3 Qxd4 15. Bb5+ Qd7 16. Bxd7+ Nxd7 17. Qd4 e5 18. Qb4 b6 19. Nd5 c5 20. Qe4 Rd8
21. Qa4 Rh6 22. Qxa7 g5 23. Rfe1 f6 24. Qc7 Rh8 25. Qd6 Kf7 26. Qe7+ Kg6 27. Qe6 Kh6 28. Ne7 g6 29. Qf7 Nf8 30. Qxf6 Kh7
31. Re3 g4 32. Rxe5 c4 33. Nf5 Rd7 34. Re7+ Rxe7 35. Qxe7+ Kg8 36. Qg7#
1-0

[Event "Roberto Grela in memorian"]
[Site "SchemingMind.com"]
[Date "2007.05.17"]
[Round "-"]
[White "tardon"]
[Black "alejandra"]
[Result "1-0"]
[WhiteCountry "ESP"]
[BlackCountry "ARG"]
[WhiteElo "1593"]
[WhiteRD "80"]
[BlackElo "1161"]
[BlackRD "78"]
[GameID "105677"]

1. d4 d5 2. c4 dxc4 3. e3 Nf6 4. Bxc4 e6 5. Nc3 Nc6 6. Nf3 g6 7. O-O Ng4 8. e4 Bd6 9. e5 Be7 10. h3 h5
11. Qa4 Kf8 12. a3 Nxd4 13. Nxd4 Qxd4 14. Ne2 Qxe5 15. Bf4 Qe4 16. f3 Bc5+ 17. Kh1 Qf5 18. fxg4 hxg4 19. Bh6+ Rxh6 20. Rxf5 exf5
21. Bxf7 gxh3 22. Qe8+ Kg7 23. g3
1-0

[Event "Roberto Grela in memorian"]
[Site "SchemingMind.com"]
[Date "2007.05.19"]
[Round "-"]
[White "tardon"]
[Black "shakazulu"]
[Result "1-0"]
[WhiteCountry "ESP"]
[BlackCountry "ESP"]
[WhiteElo "1535"]
[WhiteRD "113"]
[BlackElo "1367"]
[BlackRD "87"]
[GameID "105678"]

1. d4 d5 2. c4 c5 3. cxd5 Nf6 4. Nc3 e6 5. dxe6 Bxe6 6. Nf3 g6 7. e4 cxd4 8. Nxd4 Bb4 9. Qa4+ Nc6 10. Nxc6 Bxc3+
11. bxc3 bxc6 12. Qxc6+ Bd7 13. Qd6 Nxe4 14. Qe5+ Qe7 15. Qxh8+ Qf8 16. Qd4 Qe7 17. Be3 Nc5 18. Qxc5 Qf6 19. Bb5 Rc8 20. Qxc8+ Qd8
21. Qxd8+ Kxd8 22. Rd1 a6 23. Bxd7 Ke7 24. Bc5+ Kf6 25. Bf8 g5 26. Rd6+ Ke5 27. Rd4 f5 28. Bg7#
1-0

[Event "Roberto Grela in memorian"]
[Site "SchemingMind.com"]
[Date "2007.05.17"]
[Round "-"]
[White "tardon"]
[Black "Bacon"]
[Result "1-0"]
[WhiteCountry "ESP"]
[BlackCountry "BER"]
[WhiteElo "1447"]
[WhiteRD "127"]
[BlackElo "1057"]
[BlackRD "84"]
[GameID "105679"]

1. d4 d5 2. c4 Nc6 3. Nf3 Bf5 4. cxd5 Qxd5 5. Nc3 Qc4 6. e4 Bg4 7. Bxc4 e6 8. O-O Bxf3 9. Qxf3 Nxd4 10. Qd1 Bc5
11. Be3 e5 12. Qh5 g6 13. Qxe5+ Ne6 14. Bxc5 Ne7 15. Bxe6 fxe6 16. Qxe6 Rd8 17. Qxe7#
1-0

[Event "Roberto Grela in memorian"]
[Site "SchemingMind.com"]
[Date "2007.05.17"]
[Round "-"]
[White "tardon"]
[Black "martin_"]
[Result "1-0"]
[WhiteCountry "ESP"]
[BlackCountry "GER"]
[WhiteElo "1548"]
[WhiteRD "83"]
[BlackElo "1276"]
[BlackRD "62"]
[GameID "105680"]

1. d4 Nf6 2. c4 g6 3. Nc3 Bg7 4. e4 d6 5. Nf3 O-O 6. Be2 e5 7. O-O Nc6 8. d5 Ne7 9. b4 Nh5 10. Re1 f5
11. Ng5 Nf6 12. Qd3 h6 13. Ne6 Bxe6 14. dxe6
1-0

[Event "Roberto Grela in memorian"]
[Site "SchemingMind.com"]
[Date "2007.05.17"]
[Round "-"]
[White "XTC"]
[Black "tardon"]
[Result "1-0"]
[WhiteCountry "COL"]
[BlackCountry "ESP"]
[WhiteElo "1604"]
[WhiteRD "102"]
[BlackElo "1580"]
[BlackRD "92"]
[GameID "105681"]

1. e4 c6 2. d4 d5 3. Nc3 dxe4 4. Nxe4 Nd7 5. Nf3 Ngf6 6. Nxf6+ Nxf6 7. Be2 Bf5 8. O-O e6 9. c3 Bd6 10. Bg5 h6
11. Bxf6 Qxf6 12. Re1 O-O 13. Rc1 Rfe8 14. a3 Rad8 15. b4 b6 16. Ba6 Bg4 17. Be2 c5 18. Ne5 Bxe5 19. Bxg4 cxd4 20. c4 d3
21. Re3 Bf4 22. Rf3 d2 23. Rc2 Qe5 24. g3 Qe1+ 25. Qxe1 dxe1=Q+ 26. Kg2 Bg5 27. Rfc3 Bd2 28. Rf3
1-0

[Event "Roberto Grela in memorian"]
[Site "SchemingMind.com"]
[Date "2007.05.18"]
[Round "-"]
[White "mart_r3000"]
[Black "tardon"]
[Result "0-1"]
[WhiteCountry "ENG"]
[BlackCountry "ESP"]
[WhiteElo "1252"]
[WhiteRD "72"]
[BlackElo "1548"]
[BlackRD "83"]
[GameID "105682"]

1. e4 c6 2. d4 d5 3. Nc3 dxe4 4. Nxe4 Nd7 5. d5 Ndf6 6. Nxf6+ Nxf6 7. c4 cxd5 8. cxd5 Qxd5 9. Qa4+ Bd7 10. Qc2 Rc8
11. Qd3 e6 12. Bd2 Qe5+
0-1

[Event "Roberto Grela in memorian"]
[Site "SchemingMind.com"]
[Date "2007.05.17"]
[Round "-"]
[White "Tahur"]
[Black "tardon"]
[Result "1-0"]
[WhiteCountry "ARG"]
[BlackCountry "ESP"]
[WhiteElo "1763"]
[WhiteRD "54"]
[BlackElo "1580"]
[BlackRD "92"]
[GameID "105683"]

1. e4 c6 2. Nf3 d5 3. exd5 cxd5 4. Bb5+ Bd7 5. Bxd7+ Nxd7 6. Nc3 e6 7. d3 Ngf6 8. a3 Bd6 9. Bg5 Qb6 10. b4 Rc8
11. Qd2 Ne5 12. Bxf6 Nxf3+ 13. gxf3 gxf6 14. Ne2 Rg8 15. c4 dxc4 16. dxc4 Rxc4 17. Qd3 Rh4 18. O-O-O Ke7 19. Nc3 Rc8 20. Kb2 Rd8
21. Qe3 Qxe3 22. fxe3 Rxh2+ 23. Rxh2 Bxh2 24. Rxd8 Kxd8 25. Kc2 h5 26. Kd3 h4 27. Ne4 Bg1 28. f4 Ke7 29. Kd2 h3 30. Ke2 h2
31. Ng3 f5 32. Kf3 Kd6 33. Kg2 Bxe3 34. Ne2 Bg1 35. Nxg1 hxg1=Q+ 36. Kxg1 Kd5 37. Kf2 Ke4 38. Kg3 Ke3 39. a4 f6 40. b5 b6
41. Kg2 Ke2 42. Kg3 e5 43. fxe5 fxe5 44. Kh3 f4 45. Kg4 f3 46. Kf5 Kd3 47. Kxe5 Kc4 48. Ke4 f2 49. Ke3 f1=Q 50. Ke4 Qf6
51. Ke3
1-0

[Event "Roberto Grela in memorian"]
[Site "SchemingMind.com"]
[Date "2007.05.17"]
[Round "-"]
[White "alejandra"]
[Black "tardon"]
[Result "0-1"]
[WhiteCountry "ARG"]
[BlackCountry "ESP"]
[WhiteElo "1161"]
[WhiteRD "78"]
[BlackElo "1593"]
[BlackRD "80"]
[GameID "105684"]

1. e4 c6 2. Bc4 d5 3. exd5 cxd5 4. Bb5+ Nc6 5. Bd3 Nf6 6. Nf3 e5 7. Nc3 e4 8. Be2 exf3 9. Bxf3 Be6 10. d3 Bd6
11. Be3 O-O 12. Qe2 Ne5 13. d4 Nxf3+ 14. gxf3 Qd7 15. Rg1 Rfe8 16. f4 Bg4 17. f3 Bxf4 18. Bxf4 Bxf3 19. O-O-O Bxe2 20. Rd2 Bf3
0-1

[Event "Roberto Grela in memorian"]
[Site "SchemingMind.com"]
[Date "2007.05.19"]
[Round "-"]
[White "shakazulu"]
[Black "tardon"]
[Result "0-1"]
[WhiteCountry "ESP"]
[BlackCountry "ESP"]
[WhiteElo "1367"]
[WhiteRD "87"]
[BlackElo "1535"]
[BlackRD "113"]
[GameID "105685"]

1. Nf3 Nf6 2. d4 g6 3. b3 Bg7 4. e3 d5 5. Ne5 Nbd7 6. Bd3 Nxe5 7. dxe5 Ne4 8. O-O Bxe5 9. c3 Nxc3 10. Qc2 Ne2+
11. Qxe2 Bxa1 12. Ba3 Bg7 13. Rd1 c6 14. e4 Be6 15. exd5 Bxd5 16. Bc5 b6 17. Bb4 Bf6 18. Qg4 O-O 19. Re1 c5 20. Ba3 Be6
21. Qf3 Qd6 22. Rd1 Rad8 23. Qe3 Qd4 24. Qc1 Bh4 25. Rd2 Bg5 26. Qc2 Bxd2 27. Nxd2 Bf5 28. Bxf5 Qxd2 29. Qxd2 Rxd2 30. Bg4 Rxa2
31. Bxc5 Ra1+
0-1

[Event "Roberto Grela in memorian"]
[Site "SchemingMind.com"]
[Date "2007.05.17"]
[Round "-"]
[White "Bacon"]
[Black "tardon"]
[Result "0-1"]
[WhiteCountry "BER"]
[BlackCountry "ESP"]
[WhiteElo "1095"]
[WhiteRD "85"]
[BlackElo "1535"]
[BlackRD "113"]
[GameID "105686"]

1. e4 c6 2. d4 d5 3. e5 Bf5 4. Bd3 Bxd3 5. Qxd3 e6 6. Nf3 Nd7 7. O-O Ne7 8. Bg5 h6 9. Bxe7 Bxe7 10. Qb3 b6
11. Nc3 O-O 12. h3 c5 13. dxc5 Nxc5 14. Qb5 a6 15. Qe2 b5 16. a3 Rc8 17. b4 Nd7 18. Qd3 Qc7 19. a4 Qxc3 20. Qxc3 Rxc3
21. Nd4 Bxb4 22. Nc6 Rxc6 23. axb5 axb5 24. Ra7 Nxe5 25. Rb1 Bd6 26. Rxb5 Rxc2 27. Rb6 Bc5 28. Rbb7 Bxf2+ 29. Kh2 Bxa7 30. Rxa7 Rb8
31. h4 Rb3 32. Ra8+ Kh7 33. Ra7 Ng4+
0-1

[Event "Roberto Grela in memorian"]
[Site "SchemingMind.com"]
[Date "2007.05.17"]
[Round "-"]
[White "martin_"]
[Black "tardon"]
[Result "0-1"]
[WhiteCountry "GER"]
[BlackCountry "ESP"]
[WhiteElo "1276"]
[WhiteRD "62"]
[BlackElo "1548"]
[BlackRD "83"]
[GameID "105687"]

1. d4 Nf6 2. c4 g6 3. Nc3 d5 4. cxd5 Nxd5 5. e4 Nxc3 6. bxc3 Bg7 7. Bc4 O-O 8. Nf3 c5 9. O-O Bg4 10. Ba3 Bxf3
11. Qxf3 cxd4
0-1

[Event "Roberto Grela in memorian"]
[Site "SchemingMind.com"]
[Date "2007.05.18"]
[Round "-"]
[White "tacticrules"]
[Black "tardon"]
[Result "0-1"]
[WhiteCountry "GER"]
[BlackCountry "ESP"]
[WhiteElo "1632"]
[WhiteRD "50"]
[BlackElo "1580"]
[BlackRD "92"]
[GameID "105688"]

1. Nf3 Nf6 2. c4 g6 3. Nc3 Bg7 4. g3 O-O 5. Bg2 d6 6. O-O Nc6 7. d4 e5 8. dxe5 dxe5 9. Bg5 Be6 10. Bxf6 Qxf6
11. Qa4 Nd4 12. Nxd4 exd4 13. Ne4 Qe5 14. Rad1 c6 15. f4 Qc7 16. c5 b5 17. cxb6 axb6 18. Qc2 Rxa2 19. Ng5 Bf5 20. Qb3 Ra5
21. Qc4 c5 22. b4 Ra4 23. Qc1 Rxb4 24. h3 c4
0-1

[Event "Roberto Grela in memorian"]
[Site "SchemingMind.com"]
[Date "2007.05.18"]
[Round "-"]
[White "tacticrules"]
[Black "XTC"]
[Result "1-0"]
[WhiteCountry "GER"]
[BlackCountry "COL"]
[WhiteElo "1632"]
[WhiteRD "50"]
[BlackElo "1604"]
[BlackRD "102"]
[GameID "105689"]

1. Nf3 Nf6 2. c4 e6 3. Nc3 d5 4. e3 c5 5. d4 Nc6 6. a3 dxc4 7. Bxc4 cxd4 8. exd4 g6 9. O-O Bg7 10. Bg5 O-O
11. Re1 Na5 12. Ba2 b6 13. Rc1 Ba6 14. b4 Bc4 15. bxa5 Bxa2 16. Nxa2 bxa5 17. Nc3 h6 18. Bh4 g5 19. Bg3 Nh5 20. Be5 f6
21. Bg3 Nxg3 22. hxg3 Qd6 23. Qa4 Qb6 24. Qb5 f5 25. Qxb6 axb6 26. Ne5 Bxe5 27. Rxe5 Kf7 28. Rce1 Rfe8 29. d5 Rac8 30. Nb5 Rcd8
31. dxe6+ Kf6 32. Nc7 Re7 33. Nd5+ Rxd5 34. Rxd5 Rxe6 35. Rxe6+ Kxe6 36. Rb5 h5 37. Rxb6+
1-0

[Event "Roberto Grela in memorian"]
[Site "SchemingMind.com"]
[Date "2007.05.17"]
[Round "-"]
[White "tacticrules"]
[Black "mart_r3000"]
[Result "1-0"]
[WhiteCountry "GER"]
[BlackCountry "ENG"]
[WhiteElo "1685"]
[WhiteRD "51"]
[BlackElo "1278"]
[BlackRD "60"]
[GameID "105690"]

1. Nf3 d5 2. d4 c5 3. c4 dxc4 4. Qa4+ Bd7 5. Qxc4 Qb6 6. dxc5 Qc7 7. Bf4 Qa5+ 8. b4 Qd8 9. e4 Ba4 10. Nc3 Bc6
11. Rd1 Nd7 12. Nb5 Ngf6 13. Nc7+
1-0

[Event "Roberto Grela in memorian"]
[Site "SchemingMind.com"]
[Date "2007.05.17"]
[Round "-"]
[White "tacticrules"]
[Black "Tahur"]
[Result "1/2-1/2"]
[WhiteCountry "GER"]
[BlackCountry "ARG"]
[WhiteElo "1632"]
[WhiteRD "50"]
[BlackElo "1763"]
[BlackRD "54"]
[GameID "105691"]

1. Nf3 d5 2. d4 Nc6 3. c4 dxc4 4. e3 Nf6 5. Bxc4 Bg4 6. O-O e6 7. Nc3 Bb4 8. Bd2 O-O 9. h3 Bh5 10. Be2 a6
11. Rc1 h6 12. a3 Bxc3 13. Bxc3 a5 14. Qb3 b6 15. Rfe1 a4 16. Qc2 Bg6 17. Bd3 Bxd3 18. Qxd3 Nd5 19. e4 Nxc3 20. Rxc3 Qd7
21. Rec1 Na7 22. Rxc7 Qb5 23. Qxb5 Nxb5 24. Rb7 Ra6 25. e5 Rd8 26. Rc6 Nxd4 27. Nxd4 Rxd4 28. Rcxb6 Rxb6 29. Rxb6 Re4 30. Rb4 Rxb4
31. axb4= Kf8 32. Kf1 Ke7 33. Ke2 f6 34. f4 fxe5 35. fxe5 Kd7 36. Kd3 Kc6=
1/2-1/2

[Event "Roberto Grela in memorian"]
[Site "SchemingMind.com"]
[Date "2007.05.18"]
[Round "-"]
[White "tacticrules"]
[Black "alejandra"]
[Result "0-1"]
[WhiteCountry "GER"]
[BlackCountry "ARG"]
[WhiteElo "1625"]
[WhiteRD "58"]
[BlackElo "1279"]
[BlackRD "87"]
[GameID "105692"]

1. Nf3 Nc6 2. d4 d6 3. c4 Bf5 4. Nc3 e6 5. e4 Bg6 6. Be2 Be7 7. O-O Nf6 8. d5 Qd7 9. dxc6 Qxc6 10. e5 dxe5
11. Nxe5 Qc5 12. Nxg6 hxg6 13. Be3 Qe5 14. Bf3 Qxh2#
0-1

[Event "Roberto Grela in memorian"]
[Site "SchemingMind.com"]
[Date "2007.05.19"]
[Round "-"]
[White "tacticrules"]
[Black "shakazulu"]
[Result "1-0"]
[WhiteCountry "GER"]
[BlackCountry "ESP"]
[WhiteElo "1625"]
[WhiteRD "58"]
[BlackElo "1303"]
[BlackRD "95"]
[GameID "105693"]

1. Nf3 c5 2. c4 Nc6 3. Nc3 g6 4. g3 e5 5. Bg2 d6 6. O-O Bg7 7. d3 Nf6 8. Bg5 O-O 9. Nd5 Re8 10. Qd2 Be6
11. e4 Bxd5 12. cxd5 Nd4 13. Nxd4 cxd4 14. Rac1 b5 15. Qb4 Qd7 16. Rc6 a5 17. Qxb5 Reb8 18. Qc4 Rxb2 19. Rc1 Rbb8 20. Rc7 Qd8
21. Qa4 h6 22. Bxf6 Bxf6 23. Rd7 Qf8 24. Rcc7 Rb4 25. Qd1 h5 26. Rxf7 Qd8 27. Rcd7 Qe8 28. Qf3 Rb1+ 29. Bf1 Rd8 30. Qxf6 Qf8
31. Rxf8+ Rxf8 32. Qg7#
1-0

[Event "Roberto Grela in memorian"]
[Site "SchemingMind.com"]
[Date "2007.05.17"]
[Round "-"]
[White "tacticrules"]
[Black "Bacon"]
[Result "1-0"]
[WhiteCountry "GER"]
[BlackCountry "BER"]
[WhiteElo "1625"]
[WhiteRD "58"]
[BlackElo "1057"]
[BlackRD "84"]
[GameID "105694"]

1. Nf3 d5 2. d4 Nf6 3. c4 Bf5 4. Nc3 h6 5. Qb3 dxc4 6. Qxb7 Nbd7 7. e3 Nb6 8. Ne5 Rb8 9. Qc6+ Nbd7 10. Bxc4 e6
11. O-O Bb4 12. Nb5 Rb6 13. Qxc7 Qxc7 14. Nxc7+ Kd8 15. Nb5 a6 16. Nxf7+ Ke7 17. Nxh8 axb5 18. Be2 e5 19. a3 Ra6 20. Bxb5 Ra8
21. b3 Bxa3 22. Bxa3+ Ke6 23. Bc4+ Nd5 24. Nf7 Kxf7 25. Bxd5+ Be6 26. Bxa8 Bxb3 27. dxe5 Nxe5 28. Rab1 Bc4 29. Rfc1 Be2 30. Rb7+ Kf6
31. Bb2 Kf5 32. Bxe5 Kxe5 33. Rxg7 Kf6 34. Rd7 Bg4 35. Rc6+ Kg5 36. Rd5+ Bf5 37. f4+ Kg4 38. Rxf5 Kxf5 39. Rxh6 Kg4 40. h3+ Kf5
41. g4#
1-0

[Event "Roberto Grela in memorian"]
[Site "SchemingMind.com"]
[Date "2007.05.18"]
[Round "-"]
[White "tacticrules"]
[Black "martin_"]
[Result "1-0"]
[WhiteCountry "GER"]
[BlackCountry "GER"]
[WhiteElo "1685"]
[WhiteRD "51"]
[BlackElo "1442"]
[BlackRD "61"]
[GameID "105695"]

1. Nf3 c5 2. c4 Nf6 3. Nc3 Nc6 4. e3 e6 5. d4 cxd4 6. exd4 d5 7. Bd3 Be7 8. O-O O-O 9. Bg5 h6 10. Bh4 g5
11. Bg3 Ng4 12. Nxg5 Bxg5 13. Qxg4
1-0